| 000 | 00847cam a2200265 4500 | ||
|---|---|---|---|
| 001 | 10697 | ||
| 005 | 20230404125641.0 | ||
| 008 | 060907n1997 wau eng | ||
| 035 | _9funglode10781 | ||
| 041 | _aeng | ||
| 050 | 1 | 4 | _aCD F |
| 100 | 1 | _aMayorga, Román | |
| 245 | 1 | 0 |
_aClosing the gap / _cRamón Mayorga |
| 260 |
_aWashington D.C. : _bBID, _c1997 |
||
| 300 | _a52 p. | ||
| 500 | _a"January 1997." | ||
| 500 | _a"No SOC97-101." | ||
| 500 | _a"Social Programs Division, Social Programs and Sustainable Development Department, Inter-American Development Bank"--Cover. | ||
| 650 | 2 | _aScience. | |
| 650 | 2 | _aTechnology. | |
| 650 | 2 | _aEconomics. | |
| 651 | 0 | _aDeveloping countries. | |
| 710 | 2 |
_aInter-American Development Bank. _bSocial Programs and Sustainable Development Dept. _bSocial Programs Division. |
|
| 942 |
_2lcc _ccd |
||
| 999 |
_c1885 _d1885 |
||